00835nam a2200241 a 450000100100000000500170001000800410002704000250006808200240009310000170011724500620013425000120019626000360020830000270024450000420027159000260031365000190033965000330035865000320039170000310042395201220045499900170057600004738520251202111711.0090908s1998 dr a 000 0 spa d aDO-SdBNPbspacBNPHU a398.22bS944e, 19981 aSueko92056810aEpopeya de Aumatex /cSueko ; ilustración Jhon López. a3a. ed. aSanto Domingo :bBúho,c1998. a87 p. :bil. ;c19 cm. aIncluye notas al pie de las páginas aInventariado, 2018/YL 4aTaínos91856 0aIndios de las Antillas91049 4aLeyendas indígenas9205691 aLópez, Jhon,eil.920570 0010718PDaPDbPDcCTd2018-05-11iLF1l0o398.22 S944e, 1998p47385-10r2020-06-25w2020-06-25yLFPDZNo se presta c46873d46873